000 00303nam a22001337a 4500
008 260211b ||||| |||| 00| 0 eng d
020 _a9788853623140
041 _aital
080 _a0.5
100 _a20
101 _aital
245 _aIL Servitore di Duo Padroni
_cCarlo Goldoni
942 _2lcc
_cBK
999 _c60777
_d60777